Statistics for The Worst Highest Grossing Movies of All Time

Click here to take the quiz!

General Stats

  • This quiz has been taken 717 times
    (582 since last reset)
  • The average score is 5 of 35

Answer Stats

$/% Gross RT % Year Answer % Correct
41.8836.3 M20%2009Transformers: Revenge of the Fallen
62%
31.21,123.7 M36%2011Transformers: Dark of the Moon
56%
26.3709.8 M27%2009The Twilight Saga: New Moon
26%
14.3698.5 M49%2010The Twilight Saga: Eclipse
25%
20.11,066.2 M53%2006Pirates of the Caribbean: Dead Man's Chest
23%
21.4961 M45%2007Pirates of the Caribbean: At World's End
22%
53.3319.7 M6%2010The Last Airbender
22%
31.61,043.9 M33%2011Pirates of the Caribbean: On Stranger Tides
21%
29.7712.2 M24%2011The Twilight Saga: Breaking Dawn Part 1
21%
17.3829.7 M48%2012The Twilight Saga: Breaking Dawn Part 2
20%
19.5799.0 M41%2007Shrek the Third
19%
31.6758.2 M24%2006The Da Vinci Code
16%
13.8553.7 M40%1998Armageddon
14%
17.1581.5 M34%2011The Hangover Part 2
11%
13.4363.1 M27%2009Fast & Furious
11%
19.7769.7 M39%20092012
10%
18.5351.0 M19%2013The Hangover Part III
10%
18.0449.2 M25%2001Pearl Harbor
8%
14.6379.0 M26%1998Godzilla
8%
13.5457.4 M34%2007National Treasure: Book of Secrets
7%
16.0624.4 M39%2008Hancock
7%
19.7886.7 M45%2009Ice Age: Dawn of the Dinosaurs
7%
23.7877.2 M37%2012Ice Age: Continental Drift
7%
17.9376.1 M21%2012Taken 2
6%
24.5563.7 M23%2011The Smurfs
6%
13.9361.3 M26%2007Alvin and the Chipmunks
6%
21.8304.7 M14%2013A Good Day to Die Hard
5%
24.8347.5 M14%2013The Smurfs 2
5%
13.6516.6 M38%2004Meet the Fockers
5%
21.1443.1 M21%2009Alvin and the Chipmunks: The Squeakquel
4%
28.6342.7 M12%2011Alvin and the Chipmunks: Chipwrecked
4%
13.4375.7 M28%2013GI Joe: Retaliation
4%
17.6493.2 M28%2010Clash of the Titans
3%
30.9401.1 M13%2008The Mummy: Tomb of the Dragon Emperor
2%
31.1310.7 M10%2010Little Fockers
2%

Score Distribution

Percentile by Number Answered

Percent of People with Each Score

Your Score History

You have not taken this quiz since the last reset